[Event "European Blitz 2022"]
[Site "Katowice POL"]
[Date "2022.12.16"]
[Round "20.49"]
[White "Adamczewski, Maciej"]
[Black "Spalir, Jernej"]
[Result "0-1"]
[BlackTitle "IM"]
[WhiteElo "2071"]
[BlackElo "2377"]
[WhiteFideId "1148702"]
[BlackFideId "14606518"]
[EventDate "2022.12.16"]

1. d4 d5 2. c4 e6 3. Nc3 Nf6 4. Bg5 Be7 5. e3 h6 6. Bf4 O-O 7. h3 c5 8. cxd5
cxd4 9. Qxd4 exd5 10. Nf3 Nc6 11. Qa4 Bc5 12. Rd1 Qb6 13. Qb5 Qxb5 14. Bxb5 Be6
15. O-O Rfd8 16. Na4 Be7 17. Rc1 Rac8 18. Rfd1 Ne4 19. a3 Na5 20. Nd4 a6 21. Be2
Nc4 22. Nxe6 fxe6 23. Bxc4 Rxc4 24. Nb6 Rxc1 25. Rxc1 Bf6 26. b3 e5 27. Bh2 d4
28. exd4 exd4 29. f3 Nc3 30. Kf1 d3 31. Nc4 d2 32. Nxd2 Rxd2 33. Bf4 Rb2 34. b4
Rb1 0-1

[Event "European Blitz 2022"]
[Site "Katowice POL"]
[Date "2022.12.16"]
[Round "20.50"]
[White "Gradalski, Olaf"]
[Black "Novotny, Michal"]
[Result "1-0"]
[BlackTitle "FM"]
[WhiteElo "2079"]
[BlackElo "2250"]
[WhiteFideId "21840580"]
[BlackFideId "310980"]
[EventDate "2022.12.16"]

1. e4 e6 2. d4 d5 3. e5 c5 4. c3 Nc6 5. Nf3 Bd7 6. Be2 Nge7 7. a3 cxd4 8. cxd4
Ng6 9. h4 Be7 10. h5 Nh4 11. Nxh4 Bxh4 12. Nc3 O-O 13. Be3 Be7 14. Bd3 f6 15.
exf6 Bxf6 16. Ne2 e5 17. dxe5 Nxe5 18. Bc2 Bb5 19. Nd4 Bd7 20. h6 g6 21. O-O Rc8
22. Bb3 Ng4 23. Bxd5+ Kh8 24. Bf4 Qb6 25. Nb3 Bf5 26. Bf3 Ne5 27. Bxe5 Bxe5 28.
Nd2 Qxb2 29. Rc1 Rcd8 30. Qb3 1-0

[Event "European Blitz 2022"]
[Site "Katowice POL"]
[Date "2022.12.16"]
[Round "20.51"]
[White "Haydon, David L"]
[Black "Dehtiarov, Roman"]
[Result "1-0"]
[WhiteTitle "FM"]
[BlackTitle "FM"]
[WhiteElo "2289"]
[BlackElo "2300"]
[WhiteFideId "415405"]
[BlackFideId "14186640"]
[EventDate "2022.12.16"]

1. Nf3 Nf6 2. e3 d5 3. b3 g6 4. Bb2 Bg7 5. Be2 O-O 6. c4 c6 7. O-O Nbd7 8. Nc3
Re8 9. cxd5 Nxd5 10. Qc2 Nb4 11. Qe4 a5 12. a3 Nc5 13. Qb1 Nbd3 14. Bxd3 Nxd3
15. Ne1 Nxb2 16. Qxb2 Bf5 17. d4 e5 18. dxe5 Bxe5 19. Nf3 Bg7 20. Rfd1 Qf6 21.
Nd4 Bg4 22. Rd2 Rad8 23. Na4 Qe5 24. Rc1 Rd5 25. b4 axb4 26. axb4 Red8 27. Qc2
Qe7 28. Nb6 R5d6 29. Nc4 Rd5 30. Nb6 R5d6 31. h3 Be6 32. Rcd1 Bxd4 33. exd4 Bf5
34. Qc5 Qf6 35. d5 Be4 36. b5 cxd5 37. Nc4 Re6 38. Ne3 Qg5 39. Qd4 Red6 40. Ng4
h5 41. Ne3 h4 42. Rf1 Rc8 43. f3 Bf5 44. f4 Qg3 45. Rf3 Rc1+ 46. Nf1 Qe1 47. Ra2
Rd8 48. Rff2 Be4 49. Rae2 Qd1 50. Qf6 Re8 51. f5 gxf5 52. Qxh4 d4 53. Qg5+ Kf8
54. Qf6 d3 55. Rxf5 Qb3 56. Qh8+ Ke7 57. Rxe4+ Kd6 58. Qxe8 Rxf1+ 59. Rxf1 1-0

[Event "European Blitz 2022"]
[Site "Katowice POL"]
[Date "2022.12.16"]
[Round "20.52"]
[White "Hjartarson, Johann"]
[Black "Przybylski, Wojciech"]
[Result "1/2-1/2"]
[WhiteTitle "GM"]
[BlackTitle "FM"]
[WhiteElo "2476"]
[BlackElo "2321"]
[WhiteFideId "2300044"]
[BlackFideId "1117599"]
[EventDate "2022.12.16"]

1. e4 e5 2. Nf3 Nc6 3. Bb5 Nf6 4. O-O Nxe4 5. d4 Nd6 6. Bxc6 dxc6 7. dxe5 Nf5 8.
Qxd8+ Kxd8 9. Nc3 Ke8 10. h3 h6 11. b3 Be7 12. Bb2 Be6 13. Ne2 c5 14. g4 Nh4 15.
Nxh4 Bxh4 16. f4 f5 17. exf6 Bxf6 18. Bxf6 gxf6 19. f5 Bf7 20. Nf4 Kd7 21. Ne6
Kc6 22. Rfe1 b5 23. Re4 h5 24. Kg2 Rag8 25. Kg3 a6 26. Nf4 hxg4 27. hxg4 Re8 28.
Rae1 Rxe4 29. Rxe4 Kd6 30. Re1 c4 31. b4 c5 32. a3 cxb4 33. axb4 a5 34. bxa5 Ra8
35. Ra1 b4 36. Nh5 Ke5 37. Re1+ Kd4 38. Nxf6 b3 39. cxb3 cxb3 40. g5 Rxa5 41.
Kf4 b2 42. g6 Ba2 43. g7 Kd3 44. Ne4 Ra4 45. Rd1+ Kc2 46. Rd2+ Kc1 47. Rxb2 Kxb2
48. f6 Bd5 49. Ke5 Bb3 50. Nd6 Ra5+ 51. Kf4 Ra6 52. Ke5 Ra5+ 53. Kf4 Ra1 54. f7
Bxf7 55. Nxf7 Ra8 56. Nh6 Kc3 57. Ke5 Kd3 58. Kf6 Ke4 1/2-1/2

[Event "European Blitz 2022"]
[Site "Katowice POL"]
[Date "2022.12.16"]
[Round "20.53"]
[White "Stefanova, Antoaneta"]
[Black "Czernek, Tymon"]
[Result "1-0"]
[WhiteTitle "GM"]
[BlackTitle "FM"]
[WhiteElo "2442"]
[BlackElo "2302"]
[WhiteFideId "2902257"]
[BlackFideId "1199510"]
[EventDate "2022.12.16"]

1. Nf3 Nf6 2. g3 g6 3. Bg2 Bg7 4. d4 O-O 5. O-O d5 6. Be3 c5 7. dxc5 Nc6 8. h3
e5 9. c3 Qe7 10. b4 Rd8 11. Qc1 Ne8 12. Na3 f5 13. Rd1 f4 14. gxf4 d4 15. cxd4
exd4 16. Bd2 a6 17. Ng5 h6 18. Qc4+ Kh8 19. Nf7+ Kh7 20. Nxd8 Qxd8 21. Rac1 Qh4
22. Qd3 Nf6 23. Qg3 Qh5 24. e4 dxe3 25. Bxe3 Be6 26. Rd6 Re8 27. b5 axb5 28.
Nxb5 Bf8 29. Nc7 Bxd6 30. cxd6 Bd7 31. Nxe8 Nxe8 32. Bc5 Nf6 33. Qe3 Qf5 34. Ba3
h5 35. Bb2 Ng8 36. Re1 Kh6 37. Qc3 g5 38. Qg7# 1-0

[Event "European Blitz 2022"]
[Site "Katowice POL"]
[Date "2022.12.16"]
[Round "20.54"]
[White "Horvath, Dominik"]
[Black "Kokol, Peter"]
[Result "1-0"]
[WhiteTitle "IM"]
[BlackTitle "FM"]
[WhiteElo "2502"]
[BlackElo "2347"]
[WhiteFideId "1642561"]
[BlackFideId "14604523"]
[EventDate "2022.12.16"]

1. e4 c6 2. d4 d5 3. Nc3 dxe4 4. Nxe4 Nf6 5. Nxf6+ exf6 6. c3 Bd6 7. Bd3 O-O 8.
Qc2 Re8+ 9. Be3 h5 10. Nf3 Bg4 11. O-O-O Nd7 12. Rde1 Nf8 13. Nh4 Qa5 14. Kb1
Be6 15. a3 b5 16. h3 Bd5 17. Nf5 Qc7 18. g4 Bxh1 19. Rxh1 Bf4 20. gxh5 Bxe3 21.
fxe3 g6 22. Rg1 Kh7 23. hxg6+ fxg6 24. Nh4 Rxe3 25. Bxg6+ Kh8 26. Qf5 Qg7 27.
Qh5+ Nh7 28. Rg4 Rxh3 29. Bc2 Rh1+ 30. Ka2 Rxh4 31. Rxh4 1-0

[Event "European Blitz 2022"]
[Site "Katowice POL"]
[Date "2022.12.16"]
[Round "20.55"]
[White "Suder, Jakub"]
[Black "Petrovskyi, Vadym"]
[Result "1-0"]
[WhiteTitle "FM"]
[BlackTitle "FM"]
[WhiteElo "2244"]
[BlackElo "2402"]
[WhiteFideId "1195310"]
[BlackFideId "14165210"]
[EventDate "2022.12.16"]

1. d4 Nf6 2. c4 e6 3. Nc3 d5 4. cxd5 exd5 5. Bg5 Be7 6. e3 O-O 7. Bd3 c6 8. Nge2
Re8 9. Qc2 h6 10. Bh4 Nbd7 11. O-O Nf8 12. f3 c5 13. Bf2 Ne6 14. Bb5 Rf8 15. Qd2
a6 16. Bd3 cxd4 17. Nxd4 Nxd4 18. exd4 Bd6 19. Kh1 Be6 20. a3 Re8 21. Rfe1 Qc7
22. Rac1 Qd7 23. Bh4 Nh7 24. Bb1 Rac8 25. Re2 Qc7 26. Rce1 Qb8 27. h3 Nf8 28.
Qd3 b5 29. Ba2 b4 30. axb4 Bxb4 31. Bf2 a5 32. Rc1 Nd7 33. Bb1 Nf6 34. Rce1 a4
35. Bh4 g5 36. Rxe6 Bxc3 37. Rxf6 Kg7 38. Qh7+ Kxf6 39. Qxh6# 1-0

[Event "European Blitz 2022"]
[Site "Katowice POL"]
[Date "2022.12.16"]
[Round "20.56"]
[White "Asllani, Muhamet"]
[Black "Kracht, Raphael"]
[Result "1-0"]
[WhiteElo "2228"]
[BlackElo "2124"]
[WhiteFideId "22100300"]
[BlackFideId "16214382"]
[EventDate "2022.12.16"]

1. b3 e5 2. Bb2 Nc6 3. e3 Nf6 4. c4 Be7 5. Nc3 O-O 6. d4 exd4 7. exd4 d5 8. c5
b6 9. cxb6 axb6 10. Bb5 Bb7 11. Nf3 Ba3 12. Bxa3 Re8+ 13. Ne5 Rxa3 14. O-O Re6
15. Re1 Ne7 16. Ba4 Nf5 17. Nb5 Rxa4 18. bxa4 c6 19. Nc3 c5 20. Nb5 Ne4 21. Rc1
Qh4 22. Qf3 Rh6 23. h3 g6 24. Ng4 Rh5 25. Qf4 Qd8 26. f3 Neg3 27. dxc5 bxc5 28.
Rxc5 Qb6 29. Qb4 Kg7 30. a5 Qd8 31. Nd4 Bc8 32. Qc3 Kg8 33. Rxc8 1-0

[Event "European Blitz 2022"]
[Site "Katowice POL"]
[Date "2022.12.16"]
[Round "20.57"]
[White "Wisniewski, Michal"]
[Black "Paehtz, Thomas"]
[Result "1-0"]
[WhiteTitle "FM"]
[BlackTitle "GM"]
[WhiteElo "2168"]
[BlackElo "2339"]
[WhiteFideId "1159682"]
[BlackFideId "4611349"]
[EventDate "2022.12.16"]

1. Nf3 Nf6 2. c4 g6 3. g3 Bg7 4. Bg2 d6 5. O-O O-O 6. Nc3 e5 7. d3 Nc6 8. Rb1 a5
9. a3 Bf5 10. Bg5 Qd7 11. Bxf6 Bxf6 12. Nd5 Bg7 13. b4 axb4 14. axb4 Ne7 15.
Nxe7+ Qxe7 16. Nd2 c6 17. b5 c5 18. Qb3 Bg4 19. Rfe1 Qd7 20. Ne4 f5 21. Nc3 f4
22. Nd5 Qf7 23. f3 Be6 24. Nc3 fxg3 25. hxg3 Bh6 26. e4 g5 27. Rf1 g4 28. fxg4
Be3+ 29. Kh2 Qg7 30. Bh3 Qh6 31. Kg2 Bd4 32. Nd5 Qg7 33. Qc2 Rxf1 34. Rxf1 Rf8
35. Qe2 h6 36. Rxf8+ Qxf8 37. Qf3 Qxf3+ 38. Kxf3 Kf7 39. Kg2 Kg6 40. g5 Bxh3+
41. Kxh3 Kxg5 42. Nb6 Kf6 43. Kg4 Kg6 44. Nc8 h5+ 45. Kh3 Be3 46. Nxd6 Bg5 47.
Nxb7 Be7 48. Na5 Bd8 49. Nc6 Bb6 50. Ne7+ Kf7 51. Nd5 Ba7 52. Kh4 Kg6 53. b6 Bb8
54. Ne7+ 1-0

[Event "European Blitz 2022"]
[Site "Katowice POL"]
[Date "2022.12.16"]
[Round "20.58"]
[White "Zawadzka, Jolanta"]
[Black "Voege, Tobias"]
[Result "1-0"]
[WhiteTitle "WGM"]
[BlackTitle "FM"]
[WhiteElo "2386"]
[BlackElo "2300"]
[WhiteFideId "1122320"]
[BlackFideId "1270513"]
[EventDate "2022.12.16"]

1. e4 e6 2. d4 d5 3. Nc3 Nf6 4. e5 Nfd7 5. f4 c5 6. Nf3 Nc6 7. Be3 Qb6 8. Qd2
Qxb2 9. Rb1 Qa3 10. Bb5 c4 11. Bxc4 dxc4 12. Nb5 c3 13. Qd3 Nb4 14. Qc4 Nxc2+
15. Kf2 Nxe3 16. Kxe3 Qa5 17. Nc7+ Kd8 18. Nxa8 Ba3 19. Ne1 Bb2 20. Nc2 b5 21.
Qc6 Qa6 22. Qc7+ Ke7 23. Nb4 Qb7 24. Nc6+ Qxc6 25. Qxc6 Nb6 26. Qd6+ Ke8 27.
Nc7# 1-0

[Event "European Blitz 2022"]
[Site "Katowice POL"]
[Date "2022.12.16"]
[Round "20.59"]
[White "Dobrovoljc, Vid"]
[Black "Pidluznij, Gleb"]
[Result "0-1"]
[WhiteTitle "FM"]
[WhiteElo "2384"]
[BlackElo "2159"]
[WhiteFideId "14609843"]
[BlackFideId "12817082"]
[EventDate "2022.12.16"]

1. Nf3 d5 2. g3 Nf6 3. Bg2 c6 4. O-O h6 5. c4 dxc4 6. Qc2 Be6 7. Na3 g6 8. Nxc4
Bxc4 9. Qxc4 Bg7 10. Rb1 Nbd7 11. b4 Rc8 12. d3 O-O 13. Qc2 e5 14. a4 Nd5 15. e4
Nc7 16. Be3 Ne6 17. Bh3 Re8 18. Rfd1 Qc7 19. Rdc1 Qd6 20. Bxa7 Ra8 21. Bc5 Ndxc5
22. bxc5 Qc7 23. Bxe6 Rxe6 24. Rb4 Re7 25. Rcb1 Qc8 26. Qb3 Ra7 27. Nd2 h5 28.
Nc4 h4 29. Nd6 Qh3 30. Qd1 hxg3 31. hxg3 Bf6 32. Qf3 Kg7 33. Rxb7 Rexb7 34. Rxb7
Rxa4 35. Rxf7+ Kg8 36. Qd1 Ra5 37. Rxf6 Rxc5 38. Re6 Qxe6 39. Nc4 Qd7 40. Ne3
Rc3 41. Qa4 Rxd3 42. Qc4+ Kg7 43. Kg2 Rd4 44. Qc3 Rxe4 45. Nc4 Qd4 46. Qc2 Qxc4 0-1

[Event "European Blitz 2022"]
[Site "Katowice POL"]
[Date "2022.12.16"]
[Round "20.60"]
[White "Maltsevskaya, Aleksandra"]
[Black "Jonsson, Gauti Pall"]
[Result "1-0"]
[WhiteTitle "IM"]
[WhiteElo "2400"]
[BlackElo "2045"]
[WhiteFideId "24174041"]
[BlackFideId "2309092"]
[EventDate "2022.12.16"]

1. d4 Nf6 2. Nf3 g6 3. c4 Bg7 4. Nc3 O-O 5. g3 d6 6. Bg2 c6 7. O-O Bf5 8. Nh4
Be6 9. b3 d5 10. Qd3 Na6 11. Rd1 dxc4 12. bxc4 Nb4 13. Qb1 a5 14. a3 Na6 15. d5
cxd5 16. cxd5 Bg4 17. h3 Bd7 18. Nf3 Qc8 19. Bb2 Bxh3 20. e4 Bxg2 21. Kxg2 Nc5
22. Qa2 Ncxe4 23. Nxe4 Nxe4 24. Bxg7 Kxg7 25. Rd4 Nf6 26. Qb2 Qf5 27. g4 Qd7 28.
g5 Nh5 29. Rh1 Kg8 30. Qd2 Qf5 31. Rhh4 Rac8 32. a4 Rc2 33. Qe3 Rfc8 34. Qxe7
Rc1 35. Qe4 Qxe4 36. Rhxe4 Ra1 37. d6 Ng7 38. d7 Rd8 39. Re7 Ne6 40. Re8+ Kg7
41. Rd6 Nf4+ 42. Kg3 Nh5+ 43. Kh2 1-0

[Event "European Blitz 2022"]
[Site "Katowice POL"]
[Date "2022.12.16"]
[Round "20.61"]
[White "Cukrowski, Filip"]
[Black "Kolesnikovs, Ivans"]
[Result "0-1"]
[WhiteTitle "FM"]
[WhiteElo "2402"]
[BlackElo "2052"]
[WhiteFideId "1171097"]
[BlackFideId "11602244"]
[EventDate "2022.12.16"]

1. c4 Nf6 2. Nc3 e6 3. e4 d5 4. cxd5 exd5 5. e5 Nfd7 6. d4 Nb6 7. h3 c5 8. Nf3
Nc6 9. Bb5 Bd7 10. dxc5 Bxc5 11. Nxd5 Nxd5 12. Qxd5 Qb6 13. O-O Qxb5 14. Rd1 Be6
15. a4 Bxf2+ 16. Kxf2 Qxd5 0-1

[Event "European Blitz 2022"]
[Site "Katowice POL"]
[Date "2022.12.16"]
[Round "20.62"]
[White "Vardanyan, Aras"]
[Black "Dragicevic, Drazen"]
[Result "1/2-1/2"]
[WhiteTitle "CM"]
[BlackTitle "FM"]
[WhiteElo "2271"]
[BlackElo "2345"]
[WhiteFideId "12808792"]
[BlackFideId "1707922"]
[EventDate "2022.12.16"]

1. c4 Nf6 2. Nc3 d5 3. cxd5 Nxd5 4. Nf3 g6 5. h4 h5 6. e4 Nxc3 7. bxc3 Bg7 8.
Bc4 O-O 9. Ng5 c5 10. Ba3 Qa5 11. Qb3 e6 12. d4 Bxd4 13. O-O Qxc3 14. Qxc3 Bxc3
15. Bxc5 Bxa1 16. Bxf8 Kxf8 17. Rxa1 b6 18. e5 Bb7 19. Rd1 Ke7 20. f4 Nd7 21.
Nxf7 Rc8 22. Nd6 Rc7 23. Bd3 Nf8 24. Nxb7 Rxb7 25. Rc1 Kf7 26. Be4 Re7 27. Rc8
Nd7 28. Rc7 Nf8 29. Rc8 Rd7 30. Bf3 a5 31. Rb8 Rd4 32. g3 Rd3 33. Rb7+ Kg8 34.
Kf2 Rd2+ 35. Ke3 Rxa2 36. Rxb6 a4 37. Ra6 a3 38. Ra7 Ra1 39. Be2 Rg1 40. Kf2 Ra1
41. Bc4 Rc1 42. Bb3 Ra1 43. Kg2 Kh8 44. Kf3 Kg8 45. Kg2 Kh8 46. Kf3 Kg8 47. Kg2 1/2-1/2

[Event "European Blitz 2022"]
[Site "Katowice POL"]
[Date "2022.12.16"]
[Round "20.63"]
[White "Karpus, Michal"]
[Black "Drazic, Sinisa"]
[Result "1/2-1/2"]
[WhiteTitle "FM"]
[BlackTitle "GM"]
[WhiteElo "2212"]
[BlackElo "2372"]
[WhiteFideId "1174088"]
[BlackFideId "901172"]
[EventDate "2022.12.16"]

1. e4 e6 2. d4 d5 3. Nd2 h6 4. Ngf3 Nf6 5. Bd3 c5 6. dxc5 Bxc5 7. Qe2 Nc6 8. a3
a5 9. O-O O-O 10. b3 Nd4 11. Nxd4 Bxd4 12. Rb1 Qc7 13. exd5 exd5 14. Nf3 Re8 15.
Qd2 Bc3 16. Qf4 Qxf4 17. Bxf4 Bg4 18. b4 axb4 19. axb4 Ne4 20. Rb3 Rac8 21. Be3
Be6 22. Rbb1 Red8 23. Rfc1 Bf6 24. Bd4 Be7 25. Ne5 Bg5 26. Re1 Nd6 27. Bb6 Re8
28. Bc5 Nc4 29. Nxc4 dxc4 30. Be4 b5 31. Ra1 Rb8 32. h3 Bf6 33. Ra7 Bf5 34. f3
Bxe4 35. Rxe4 Rxe4 36. fxe4 Re8 37. Rb7 Rxe4 38. Rxb5 Re2 39. Rb8+ Kh7 40. b5
Rxc2 41. b6 Rb2 42. Rc8 c3 43. Be3 Kg6 44. Kh2 Rb3 45. Kg3 Kf5 46. Kf2 Rb2+ 47.
Kf3 Rb3 48. Kf2 Ke4 49. Rc4+ Kd3 50. Rc7 Rb2+ 51. Kf3 Rb1 52. Rd7+ Kc4 53. b7
Rb5 54. Bf4 c2 55. Rc7+ Kd3 56. Rxc2 Kxc2 57. b8=Q Rxb8 58. Bxb8 Kd3 59. Bd6 Kd4
60. g4 Kd5 61. Bf8 Ke6 62. Ke4 Kd7 63. Kf5 Ke8 64. Bc5 Bh4 65. Be3 Ke7 66. Bc5+
Kd7 67. Bf8 g6+ 68. Ke4 Bg5 69. h4 Bc1 70. h5 gxh5 71. gxh5 Ke6 72. Kf3 Kf5 73.
Be7 Bf4 74. Bd8 Bg5 75. Bc7 Bc1 76. Bd8 Bb2 77. Be7 Bf6 78. Bf8 Kg5 79. Ke4 Bb2
80. Be7+ f6 81. Bd8 Kg4 82. Bxf6 Bxf6 83. Ke3 1/2-1/2

[Event "European Blitz 2022"]
[Site "Katowice POL"]
[Date "2022.12.16"]
[Round "20.64"]
[White "Bazakutsa, Svyatoslav"]
[Black "Orzech, Dominik"]
[Result "1-0"]
[BlackTitle "IM"]
[WhiteElo "2318"]
[BlackElo "2313"]
[WhiteFideId "14198525"]
[BlackFideId "1115065"]
[EventDate "2022.12.16"]

1. c4 Nf6 2. Nc3 g6 3. e4 d6 4. d4 Bg7 5. h3 O-O 6. Be3 c5 7. Nf3 Nc6 8. d5 Na5
9. g4 e6 10. Nd2 exd5 11. cxd5 Re8 12. f3 a6 13. a4 Bd7 14. Nc4 Nxc4 15. Bxc4 b5
16. axb5 axb5 17. Rxa8 Qxa8 18. Bxb5 Bxb5 19. Nxb5 Qa5+ 20. Nc3 Nxe4 21. fxe4
Rxe4 22. Kf2 Rb4 23. Bc1 Qd8 24. Re1 Rd4 25. Qf3 Be5 26. Kg2 Qh4 27. Rf1 c4 28.
Qxf7+ Kh8 29. Qf8# 1-0

[Event "European Blitz 2022"]
[Site "Katowice POL"]
[Date "2022.12.16"]
[Round "20.66"]
[White "Vidruska, Renate"]
[Black "Baum, Jonasz"]
[Result "0-1"]
[WhiteTitle "WFM"]
[BlackTitle "IM"]
[WhiteElo "1991"]
[BlackElo "2420"]
[WhiteFideId "11601841"]
[BlackFideId "1195360"]
[EventDate "2022.12.16"]

1. e4 e6 2. d4 d5 3. Nc3 Bb4 4. e5 c5 5. a3 Bxc3+ 6. bxc3 Ne7 7. Qg4 Qc7 8. Qxg7
Rg8 9. Qxh7 cxd4 10. Ne2 Nbc6 11. f4 dxc3 12. Qd3 Bd7 13. Qxc3 Nf5 14. Rb1 O-O-O
15. h3 d4 16. Qd3 Na5 17. g4 Ba4 18. c4 Nh4 19. Kf2 Bc6 20. Rg1 f6 21. exf6 e5
22. Qg3 Nf5 23. Qd3 e4 24. Qd1 e3+ 25. Ke1 d3 26. f7 Nh4 27. Bxe3 Qxf7 28. Ng3
Nxc4 29. Bc5 Qd5 0-1

[Event "European Blitz 2022"]
[Site "Katowice POL"]
[Date "2022.12.16"]
[Round "20.67"]
[White "Redzisz, Michal"]
[Black "Gretarsson, Helgi Ass"]
[Result "0-1"]
[WhiteTitle "FM"]
[BlackTitle "GM"]
[WhiteElo "2260"]
[BlackElo "2451"]
[WhiteFideId "21816107"]
[BlackFideId "2300699"]
[EventDate "2022.12.16"]

1. d4 g6 2. g3 Bg7 3. Bg2 d5 4. Nf3 c6 5. c4 Nf6 6. Nbd2 O-O 7. O-O Bf5 8. b3 a5
9. a3 Ne4 10. Bb2 a4 11. b4 Nd7 12. Nh4 Nxd2 13. Qxd2 Be6 14. c5 Nf6 15. f4 Qc8
16. Qc2 Bh3 17. e3 Bxg2 18. Kxg2 Ne4 19. Nf3 h5 20. Nd2 Qe6 21. Nxe4 dxe4 22.
Rac1 h4 23. f5 gxf5 24. Qf2 h3+ 25. Kh1 Kh7 26. Qxf5+ Qxf5 27. Rxf5 Kg6 28. Rcf1
e6 29. R5f4 f5 30. g4 Bh6 31. gxf5+ exf5 32. Rg1+ Kh5 33. Rff1 Bxe3 34. Rg7 f4
35. Rxb7 f3 36. d5 cxd5 37. c6 Rg8 38. c7 f2 0-1

[Event "European Blitz 2022"]
[Site "Katowice POL"]
[Date "2022.12.16"]
[Round "20.68"]
[White "De Filomeno, Simone"]
[Black "Jaskolka, Tomasz"]
[Result "1-0"]
[WhiteTitle "IM"]
[BlackTitle "CM"]
[WhiteElo "2450"]
[BlackElo "2188"]
[WhiteFideId "828688"]
[BlackFideId "1170791"]
[EventDate "2022.12.16"]

1. d4 d5 2. c4 c6 3. Nf3 Nf6 4. Nbd2 a6 5. g3 Bf5 6. Bg2 e6 7. O-O Nbd7 8. Nh4
Bg6 9. Nxg6 hxg6 10. e4 dxe4 11. Nxe4 Nxe4 12. Bxe4 Nf6 13. Bg2 Bd6 14. Be3 Qc7
15. a3 Rd8 16. b4 b5 17. c5 Be7 18. a4 Nd5 19. axb5 axb5 20. Bxd5 Rxd5 21. Ra6
Rdh5 22. Bf4 Qd7 23. Qf3 Rxh2 24. Ra8+ Bd8 25. Bd6 e5 26. Rfa1 Rh1+ 27. Qxh1
Rxh1+ 28. Kxh1 Qh3+ 29. Kg1 Kd7 30. R1a7+ Ke6 31. Rxd8 exd4 32. Re7+ Kd5 33.
Be5+ Ke4 34. Rxd4+ Kf3 35. Rf4+ Ke2 36. Bxg7+ Kd3 37. Re3+ Kc2 38. Rxf7 g5 39.
Ra7 g4 40. Ra2+ Kd1 41. Rb3 Qh7 42. Rbb2 1-0

[Event "European Blitz 2022"]
[Site "Katowice POL"]
[Date "2022.12.16"]
[Round "20.69"]
[White "Cramling, Pia"]
[Black "Minald, Andrey"]
[Result "1-0"]
[WhiteTitle "GM"]
[WhiteElo "2463"]
[BlackElo "2091"]
[WhiteFideId "1700030"]
[BlackFideId "13506854"]
[EventDate "2022.12.16"]

1. Nf3 d5 2. d4 Nf6 3. c4 c6 4. Qb3 e6 5. Bg5 Nbd7 6. Nc3 h6 7. Bh4 Bd6 8. e3
O-O 9. Be2 Re8 10. O-O Nf8 11. Bxf6 Qxf6 12. e4 dxe4 13. Nxe4 Qe7 14. Rad1 Ng6
15. Nxd6 Qxd6 16. Rfe1 b6 17. Bd3 Nf4 18. Bf1 Bb7 19. c5 Qc7 20. Qc2 Rad8 21. b4
b5 22. Ne5 a5 23. a3 Ra8 24. Ra1 Nd5 25. Qb2 Ra7 26. Be2 Rea8 27. Nd3 Bc8 28.
Bf3 Qd8 29. h3 Qg5 30. Kh1 Bd7 31. Re5 Qf6 32. Ree1 Be8 33. Bxd5 exd5 34. a4
axb4 35. axb5 Rxa1 36. Rxa1 Rxa1+ 37. Qxa1 cxb5 38. Qb2 Qe7 39. Nxb4 Qe1+ 40.
Kh2 Qe4 41. Qd2 g5 42. Qe3 Qxe3 43. fxe3 Bd7 44. Nxd5 1-0

[Event "European Blitz 2022"]
[Site "Katowice POL"]
[Date "2022.12.16"]
[Round "20.71"]
[White "Kos, Pawel"]
[Black "Kirk, Ezra"]
[Result "1-0"]
[BlackTitle "IM"]
[WhiteElo "2234"]
[BlackElo "2432"]
[WhiteFideId "1120085"]
[BlackFideId "600067"]
[EventDate "2022.12.16"]

1. Nf3 Nf6 2. g3 g6 3. Bg2 Bg7 4. c4 O-O 5. d4 d6 6. O-O Nc6 7. Nc3 Bg4 8. d5
Bxf3 9. exf3 Ne5 10. Qe2 Re8 11. f4 Ned7 12. Qc2 Rc8 13. b4 c6 14. dxc6 bxc6 15.
Bb2 Nb6 16. Na4 d5 17. c5 Nc4 18. Bc3 Nd7 19. Bxg7 Kxg7 20. Nb2 Nxb2 21. Qxb2+
f6 22. Bh3 Rb8 23. Qa3 Qc7 24. Rfe1 e5 25. Bxd7 Qxd7 26. fxe5 fxe5 27. Rad1 Kg8
28. Qc3 e4 29. a4 a6 30. Qd4 Qe6 31. Rb1 Rf8 32. Red1 Rf5 33. Rb2 Rh5 34. Re1
Rf8 35. f4 g5 36. fxg5 Rxg5 37. b5 axb5 38. axb5 cxb5 39. Rxb5 Qh3 40. Rb2 Rgf5
41. Rg2 Qg4 42. c6 Qf3 43. h3 Qb3 44. Kh2 R5f6 45. Rc1 R6f7 46. c7 Rc8 47. Qe5
Qb6 48. Qg5+ Kf8 49. Qe5 1-0

[Event "European Blitz 2022"]
[Site "Katowice POL"]
[Date "2022.12.16"]
[Round "20.72"]
[White "Barski, Radoslaw"]
[Black "Mrvova, Alena"]
[Result "1-0"]
[WhiteTitle "IM"]
[BlackTitle "WIM"]
[WhiteElo "2441"]
[BlackElo "2135"]
[WhiteFideId "1131710"]
[BlackFideId "14902036"]
[EventDate "2022.12.16"]

1. e4 c5 2. Nf3 d6 3. Bb5+ Bd7 4. Bxd7+ Qxd7 5. O-O Nc6 6. Re1 g6 7. c3 Bg7 8.
d4 b6 9. a4 Nf6 10. d5 Ne5 11. Nxe5 dxe5 12. Nd2 O-O 13. Nc4 Qc7 14. Be3 Rfd8
15. Qc2 Ng4 16. Bd2 a6 17. f3 Nf6 18. b4 b5 19. Na5 c4 20. Nc6 Rdc8 21. Be3 e6
22. axb5 exd5 23. Na7 Rcb8 24. Rxa6 dxe4 25. fxe4 Ng4 26. Bc5 Qb7 27. h3 Nf6 28.
Rea1 Nd7 29. Be3 Qc7 30. Nc6 Rxa6 31. Ne7+ Kf8 32. bxa6 Kxe7 33. b5 Nb6 34. Qa2
Na8 35. Qa3+ Ke8 36. Qa4 Kf8 37. a7 Rb7 38. b6 Qc8 39. Qa6 Kg8 40. Ra4 Bf8 41.
Rxc4 Qxc4 42. Qxc4 Re7 43. Qc6 Nxb6 44. Bxb6 Rxa7 45. Bxa7 Kg7 46. Bc5 Bxc5+ 47.
Qxc5 f6 48. Qe7+ 1-0

[Event "European Blitz 2022"]
[Site "Katowice POL"]
[Date "2022.12.16"]
[Round "20.73"]
[White "Quilter, Thomas A"]
[Black "Piesik, Piotr"]
[Result "1-0"]
[WhiteTitle "CM"]
[BlackTitle "IM"]
[WhiteElo "2162"]
[BlackElo "2420"]
[WhiteFideId "408530"]
[BlackFideId "1136194"]
[EventDate "2022.12.16"]

1. e4 g6 2. d4 Bg7 3. Nc3 c6 4. Be3 d5 5. Nf3 dxe4 6. Nxe4 Nf6 7. Bd3 Nxe4 8.
Bxe4 Nd7 9. Qd2 Nf6 10. Bd3 Bg4 11. Ne5 Be6 12. h4 Qd5 13. f3 Nd7 14. Nxd7 Qxd7
15. c3 h5 16. O-O-O Bxa2 17. Rde1 Be6 18. Bg5 O-O-O 19. Qe2 Rhe8 20. Bxg6 Qd5
21. Bxh5 c5 22. Qe4 Qa2 23. Bg4 cxd4 24. Bxe6+ fxe6 25. Qxe6+ Qxe6 26. Rxe6 dxc3
27. bxc3 Bxc3 28. Rxe7 Rxe7 29. Bxe7 Rd7 30. Bg5 Rd5 31. f4 a5 32. Rd1 Rxd1+ 33.
Kxd1 Kd7 34. Kc2 Bh8 35. f5 b5 36. Kb3 Be5 37. h5 Ke8 38. h6 Kf7 39. Bd2 b4 40.
g4 Kf6 41. Ka4 Bc3 42. Bxc3+ 1-0